Estudio prc̀tico del ISR y el IETU para personas morales

Detalles Bibliográficos
Autor principal: Corral Moreno, Manuel
Formato: eBook
Lenguaje:español
Publicado: Mx̌ico D.F. : Ediciones Fiscales ISEF, 2010
Materias:
Acceso en línea:http://www.vlex.com/source/10979

MARC

LEADER 00000nam a22000007a 4500
005 20130404163632.0
007 cr|||| ||||
008 130404e2010 mx |||||s|||| 00||0 spa d
020 |a 978-368-726-544-3 
035 |a 10979 
040 |a vLex 
090 |c 4113  |d 4113 
100 1 0 |a Corral Moreno, Manuel  
245 1 0 |a Estudio prc̀tico del ISR y el IETU para personas morales  |c / Manuel Corral Moreno   |h [Recurso electrn̤ico] 
256 |a Servicio en ln̕ea 
260 |a Mx̌ico D.F. :  |b Ediciones Fiscales ISEF,   |c 2010 
300 |a 1 Recurso electrn̤ico 
506 |a Contenido solo disponible en los productos indicados  |d vLex Global  |d vLex Global (Academic Edition, excluding Law Schools)  |d vLex Global (U.S. Academic Edition, Law Schools)  |d vLex Global (U.S. Academic Edition, excluding Law Schools)  |d vLex Global (Academic Edition, Law Schools) 
650 0 4 |a Derecho tributario  |z Mx̌ico 
740 |a vLex Libros (Servicio en ln̕ea) 
856 |a Acceso restringido  |u http://www.vlex.com/source/10979 
942 |c BOOK 
999 0 |a Taxation